000
00421nam a2200145Ia 4500
008
100122s9999 xx 000 0 und d
082
_b
28611
_a
823.08
100
_a
सिनकर श्रीकांत
245
_a
चार्जशीट
260
_b
दिलीप प्रकाशन
_c
1977
300
_a
218
630
_a
चार्जशीट
730
_a
चार्जशीट
942
_c
BOOK
999
_c
414211
_d
414208